• 首页
  • 本馆介绍
  • 公告通知
  • 最新文献
  • 馆藏检索
  • 电子资源
  • 读者导购
  • 参考咨询
  • 我的图书馆
  • 登录
  • 详细信息显示
  • 放入我的书架
  • 预约/预借图书
  • 作者相关作品
  • 分类相关作品
  • 丛书相关作品
  • 出版社相关作品

书目信息

  • 表格格式
  • 工作单格式
  • 卡片格式
题名:
道德与法治
    
 
作者: ;教育部 主编
分册: 三年级  
出版信息: 北京   人民教育出版社  2018
页数: 84
开本: 30cm
丛书名:
单 册:
中图分类: G624.151
科图分类:
主题词: 教育--各级
电子资源:
ISBN: 978-7-107-32894-7
000 00563nam0 2200181 450
001 2452857879
005 20240927091332.89
010    @a978-7-107-32894-7@dCNY5.80
100    @a20230512d km y0chiy0120 ea
101 0  @achi
200 1  @a道德与法治@ADao De Yu Fa Zhi@h三年级@h上册@f教育部主编@FJiao Yu Bu Zhu Bian
210    @a北京@c人民教育出版社@d2018
215    @a84@d30cm
606 0  @a教育@x各级
690    @aG624.151@v4
711 02 @a教育部@AJiao Yu Bu@4主编
801  0 @aCN@b大连网信软件有限公司图书馆·11@c20240927
905    @aZUCC@b7873334@dG624.151@e2942:3(1)
    
    道德与法治.三年级.上册/教育部主编.-北京:人民教育出版社,2018
    84;30cm
    
    
    ISBN 978-7-107-32894-7:CNY5.80
    
●
相关链接 在E读中查询图书 在五车中查询图书 在当当中查询图书 在豆瓣中查询图书


正题名:道德与法治     索取号:G624.151/2942:3(1)         预约/预借

序号 登录号 条形码 馆藏地/架位号 状态 备注
1 1053718   210537187   第一样本阅览室/ [索取号:G624.151/2942:3(1)] 在馆    
2 1053719   210537196   第四借阅区/ [索取号:G624.151/2942:3(1)] 在馆    
3 1053720   210537203   第四借阅区/ [索取号:G624.151/2942:3(1)] 在馆    
4 1053721   210537212   第四借阅区/ [索取号:G624.151/2942:3(1)] 在馆    
5 1053722   210537221   第四借阅区/ [索取号:G624.151/2942:3(1)] 在馆    
唐山师范学院图书馆 欢迎您!
大连网信软件有限公司© 版权所有